British Universities - Sudden Death - Statistics

General Stats
  • This quiz has been taken 121 times
  • The average score is 12 of 16
Answers on the Grid
Answers color-coded by a green-red scale on the quiz's grid according to % correct below.
Stanford University
University of Oxford
Harvard University
University of Cambridge
UCL
Peking University
Cornell University
Yale University
McGill University
The University of Edinburgh
The University of Manchester
Northwestern University
University of Bristol
Duke University
The University of Auckland
The University of Warwick
University of Birmingham
KTH Royal Institute of Technology
University of Glasgow
University of Leeds
University of Southampton
The University of Sheffield
Uppsala University
Durham University
University of Nottingham
University of St Andrews
University College Dublin
University of Waterloo
RMIT University
University of Bath
 
Answer Stats
Answer % Correct
University of Oxford
85%
University of Birmingham
81%
University of Cambridge
80%
The University of Edinburgh
79%
University of Leeds
78%
The University of Manchester
77%
University of Nottingham
76%
University of Glasgow
75%
The University of Sheffield
74%
University of Bristol
74%
University of Bath
72%
University of St Andrews
72%
The University of Warwick
71%
University of Southampton
71%
Durham University
66%
UCL
51%
No matching quizzes found
Score Distribution
Percent of People with Each Score
Percentile by Number Answered
Your Score History
You have not taken this quiz